LEADER 00963nam0-22003011i-450 001 990004233500403321 005 20210603132858.0 010 $a3-8053-1732-8 035 $a000423350 035 $aFED01000423350 035 $a(Aleph)000423350FED01 100 $a19990604d1995----km-y0itay50------ba 101 0 $ager 105 $aaf------00-c- 200 1 $a<>Dekorationssysteme der römischen Wandmalerei von augusteischer bis in trajanische Zeit$fRenate Thomas 210 $aMainz$cZabern$d1995 215 $a352 p., 8 tav.$c243 ill.$d29 cm 610 0 $aAffrwchi$aRoma antica 676 $a937.6$v21$zita 676 $a747.2$v21$zita 700 1$aThomas,$bRenate$0167081 801 0$aIT$bUNINA$gRICA$2UNIMARC 901 $aBK 912 $a990004233500403321 952 $a937.7 THO 1$bBibl.25611$fFLFBC 959 $aFLFBC 996 $aDekorationssysteme der römischen Wandmalerei von augusteischer bis in trajanische Zeit$9482389 997 $aUNINA LEADER 00973nam a22002415i 4500 001 991000521959707536 008 030520s2003 it 000 0 ita d 020 $a8846443446 035 $ab12629674-39ule_inst 040 $aDUSS - Diploma Universitario in Servizio Sociale$bita 082 0 $a371.9263 100 1 $aMoro, Felice$0255097 245 10$aFamiglia e scuola :$bil recupero dello svantaggio come antidoto contro la dispersione scolastica e il disagio giovanile /$cFelice Moro 260 $aMilano :$bF. Angeli,$c2003 300 $a248 p. ;$c23 cm 500 $aContiene bibl. e riferimenti bibl. 650 4$aFanciulli disadattati$xEducazione 907 $a.b12629674$b12-10-12$c17-03-04 912 $a991000521959707536 945 $aLE024 PS EV B V 45$g1$i2024000029487$lle021$nex DUSS$o-$pE18.00$q-$rl$s- $t0$u15$v3$w15$x0$y.i13204282$z17-03-04 996 $aFamiglia e scuola$9277105 997 $aUNISALENTO 998 $ale021$b17-03-04$cm$da $e-$fita$git $h0$i1 LEADER 01755nas 2200553- 450 001 9910279659503321 005 20240811213015.0 011 $a2056-3299 035 $a(OCoLC)986950136 035 $a(CKB)3150000000021167 035 $a(CONSER)--2017243366 035 $a(DE-599)ZDB2937945-3 035 $a(MiAaPQ)3747999 035 $a(EXLCZ)993150000000021167 100 $a20140613a20159999 o-- a 101 0 $aeng 135 $aur||||||||||| 181 $ctxt$2rdacontent 182 $cc$2rdamedia 183 $acr$2rdacarrier 200 10$aConcussion 210 1$aLondon :$cFuture Medicine on behalf of the journal owner The Drake Foundation,$d2015-2024. 210 31$aLondon :$cThe Drake Foundation 215 $a1 online resource 300 $aRefereed/Peer-reviewed 330 $a"The journal publishes original research, reviews and commentaries addressing the assessment, management, and short and long-term implications of concussion" -- Scholastica platform. 531 0 $aConcussion 531 10$aConcussion 606 $aBrain$xConcussion$vPeriodicals 606 $aBrain Concussion 606 $aChronic Traumatic Encephalopathy 606 $aPost-Concussion Syndrome 606 $aBrain$xConcussion$2fast 608 $aPeriodical 608 $aFulltext. 608 $aInternet Resources. 608 $aPeriodicals. 608 $aPeriodicals$2fast 615 0$aBrain$xConcussion 615 12$aBrain Concussion 615 22$aChronic Traumatic Encephalopathy 615 22$aPost-Concussion Syndrome 615 7$aBrain$xConcussion 676 $a617.481044 712 02$aDrake Foundation, 906 $aJOURNAL 912 $a9910279659503321 996 $aConcussion$91900435 997 $aUNINA